Autumn Leaves/ (Record no. 175710)

MARC details
000 -LEADER
fixed length control field 00608nam a22001817a 4500
005 - DATE AND TIME OF LATEST TRANSACTION
control field 20200921145302.0
010 ## - LCCN (DPL NO)
LC control number ENG-128446
020 ## - INTERNATIONAL STANDARD BOOK NUMBER
Terms of availability 125.00
International Standard Book Number 9788194369950
035 ## - SYSTEM CONTROL NUMBER
System control number EN-111978
037 ## - SOURCE OF ACQUISITION
Source of stock number/acquisition DBAD/PUB
082 ## - DEWEY DECIMAL CLASSIFICATION NUMBER
Classification number 881
100 ## - MAIN ENTRY--PERSONAL NAME
Personal name Tejaswani, Kadavakollu
245 ## - TITLE STATEMENT
Title Autumn Leaves/
Statement of responsibility, etc by Kadavakollu Tejaswani
260 ## - PUBLICATION, DISTRIBUTION, ETC. (IMPRINT)
Place of publication, distribution, etc New Delhi
Name of publisher, distributor, etc Educational Publishing House
Date of publication, distribution, etc 2019
270 ## - ADDRESS
Address H.O, D1/16 Ansari Road, Darya Ganj,
City New Delhi
Postal code 110002
Telephone number 45678285, 23214465, 23216162
Electronic mail address ephindia@gmail.com, info@ephbooks.com
300 ## - PHYSICAL DESCRIPTION
Extent 95p.
Dimensions 22cm(pbk)
942 ## - ADDED ENTRY ELEMENTS (KOHA)
Source of classification or shelving scheme Dewey Decimal Classification
Item type English Books
Classification part 881
Call number suffix TEJ
Holdings
Withdrawn status Lost status Not for loan Collection code Home library Current library Date acquired Source of acquisition Cost, normal purchase price Full call number Barcode Cost, replacement price Koha item type
      Non-fiction Ashok Vihar Ashok Vihar 21/09/2020 DBAD/PUB 125.00 881 TEJ EN-111978 125.00 English Books

© Delhi Public Library
Hit Counter
free hit counter